<?xml version="1.0" encoding="UTF-8"?><?xml-stylesheet type="text/xsl" href="static/style.xsl"?><OAI-PMH xmlns="http://www.openarchives.org/OAI/2.0/" xmlns:xsi="http://www.w3.org/2001/XMLSchema-instance" xsi:schemaLocation="http://www.openarchives.org/OAI/2.0/ http://www.openarchives.org/OAI/2.0/OAI-PMH.xsd"><responseDate>2026-04-13T00:43:09Z</responseDate><request verb="GetRecord" identifier="oai:www.recercat.cat:10256/26008" metadataPrefix="marc">https://recercat.cat/oai/request</request><GetRecord><record><header><identifier>oai:recercat.cat:10256/26008</identifier><datestamp>2025-01-16T00:59:32Z</datestamp><setSpec>com_2072_452955</setSpec><setSpec>com_2072_2054</setSpec><setSpec>col_2072_453073</setSpec></header><metadata><record xmlns="http://www.loc.gov/MARC21/slim" xmlns:dcterms="http://purl.org/dc/terms/" xmlns:xsi="http://www.w3.org/2001/XMLSchema-instance" xmlns:doc="http://www.lyncode.com/xoai" xsi:schemaLocation="http://www.loc.gov/MARC21/slim http://www.loc.gov/standards/marcxml/schema/MARC21slim.xsd">
   <leader>00925njm 22002777a 4500</leader>
   <datafield ind2=" " ind1=" " tag="042">
      <subfield code="a">dc</subfield>
   </datafield>
   <datafield ind2=" " ind1=" " tag="720">
      <subfield code="a">George, Gibu</subfield>
      <subfield code="e">author</subfield>
   </datafield>
   <datafield ind2=" " ind1=" " tag="720">
      <subfield code="a">Brotons Rufes, Artur</subfield>
      <subfield code="e">author</subfield>
   </datafield>
   <datafield ind2=" " ind1=" " tag="720">
      <subfield code="a">Poater Teixidor, Albert</subfield>
      <subfield code="e">author</subfield>
   </datafield>
   <datafield ind2=" " ind1=" " tag="720">
      <subfield code="a">Solà i Puig, Miquel</subfield>
      <subfield code="e">author</subfield>
   </datafield>
   <datafield ind2=" " ind1=" " tag="720">
      <subfield code="a">Posada-Pérez, Sergio</subfield>
      <subfield code="e">author</subfield>
   </datafield>
   <datafield ind2=" " ind1=" " tag="260">
      <subfield code="c">info:eu-repo/date/embargoEnd/2027-01-01</subfield>
   </datafield>
   <datafield ind2=" " ind1=" " tag="260">
      <subfield code="c">2025-01-01</subfield>
   </datafield>
   <datafield ind2=" " ind1=" " tag="520">
      <subfield code="a">Aqueous lithium-ion batteries (ALiBs) present a promising avenue for safer and more sustainable energy storage solutions compared to traditional non-aqueous lithium-ion batteries. LiNiO2 (LNO) has emerged as a potential cathode material for ALiBs due to its high capacity potential and ability to facilitate Li⁺ intercalation over H⁺ intercalation in aqueous media. However, challenges remain regarding its stability and performance in aqueous electrolytes. In this study, we employ periodic density functional theory simulations to investigate the interactions between LNO surfaces and aqueous electrolytes, evaluating its viability as a cathode material for ALiBs. We have systematically and exhaustively studied the surface energetics, shedding light on the formation of NiOOHx species, one of the common issues associated with this material. We have evaluated the oxygen evolution reaction on LNO surfaces, revealing that they decompose water molecules into hydroxide and other intermediate species, thereby degrading the electrolyte. Our findings suggest that, despite their promising abilities for Li+ ion intercalation, the tendency to boost the generation of NiOOHx and its facility to decompose water at potentials lower than 1.23 V are important limitations for the battery performance</subfield>
   </datafield>
   <datafield ind2=" " ind1=" " tag="520">
      <subfield code="a">S.P.-P. appreciates the economic support of Marie Curie fellowship (H2020-MSCA-IF- 2020–101020330). A.P. is a Serra Húnter Fellow and received the ICREA Academia Prize 2019. M.S. and A.P. thank the Spanish MINECO for projects PID2020-13711GB-I00, PID2023-147424NB-I00, and PID2021-127423NB-I00, and the Generalitat de Catalunya for project 2021SGR623. Computational time at the MARENOSTRUM supercomputer has been provided by the Barcelona Supercomputing Centre through a grant from Red Española de Supercomputación, project (QHS-2022-3-0002)</subfield>
   </datafield>
   <datafield ind1="8" ind2=" " tag="024">
      <subfield code="a">http://hdl.handle.net/10256/26008</subfield>
   </datafield>
   <datafield tag="653" ind2=" " ind1=" ">
      <subfield code="a">Bateries d'ió liti</subfield>
   </datafield>
   <datafield tag="653" ind2=" " ind1=" ">
      <subfield code="a">Lithium ion batteries</subfield>
   </datafield>
   <datafield tag="653" ind2=" " ind1=" ">
      <subfield code="a">Energia -- Emmagatzematge</subfield>
   </datafield>
   <datafield tag="653" ind2=" " ind1=" ">
      <subfield code="a">Energy storage</subfield>
   </datafield>
   <datafield ind2="0" ind1="0" tag="245">
      <subfield code="a">Unlocking the Limitations of layered LiNiO2: Insights from DFT Simulations on its Viability as a Cathode Material for Aqueous Lithium-Ion Batteries</subfield>
   </datafield>
</record></metadata></record></GetRecord></OAI-PMH>